• 首页
  • 本馆介绍
  • 公告通知
  • 最新文献
  • 馆藏检索
  • 电子资源
  • 读者导购
  • 参考咨询
  • 我的图书馆
  • 登录
  • 详细信息显示
  • 放入我的书架
  • 预约/预借图书
  • 作者相关作品
  • 分类相关作品
  • 丛书相关作品
  • 出版社相关作品

书目信息

  • 表格格式
  • 工作单格式
  • 卡片格式
题名:
往日情怀
    
 
作者: 陈国榕 , 蔡志忠 著
分册:  
出版信息: 北京   现代出版社  2016
页数: 284页
开本: 24cm
丛书名:
单 册:
中图分类: G892.1
科图分类:
主题词: 桥牌--基本知识
电子资源:
ISBN: 978-7-5143-4712-8
000 01021nam0 2200265 450
001 1280
005 20180522104638.91
010    @a978-7-5143-4712-8@dCNY45.00
100    @a20170215d2016 em y0chiy50 ea
101 0  @achi
102    @aCN@b110000
105    @aa z 000yy
200 1  @a往日情怀@9wang ri qing huai@e我的桥牌岁月@f陈国榕,蔡志忠著
210    @a北京@c现代出版社@d2016
215    @a284页@c图,照片@d24cm
314    @a陈国榕,男,著名桥牌选手。曾任南山人寿经理、三商人寿总稽核、美商万通集团英大人寿副总经理。
314    @a蔡志忠,男,著名漫画家、动画导演。出版《庄子说》《老子说》等一百多部作品。
330    @a本书是陈国榕二十多年桥牌心得。主要包括:有奖论对赛、错有错着、坏分配、陈年往事、坚守原则、牙医谱、强迫中奖、吉星高照、部分定约之战等内容。
517 1  @a我的桥牌岁月@9wo de qiao pai sui yue
606 0  @a桥牌@x基本知识
690    @aG892.1@v5
701  0 @a陈国榕@9chen guo rong@4著
701  0 @a蔡志忠@9cai zhi zhong@4著
801  0 @aCN@b91MARC@c20170215
905    @aMuseLib@dG892.1@e376
    
    往日情怀:我的桥牌岁月/陈国榕,蔡志忠著.-北京:现代出版社,2016
    284页:图,照片;24cm
    
    
    ISBN 978-7-5143-4712-8:CNY45.00
    本书是陈国榕二十多年桥牌心得。主要包括:有奖论对赛、错有错着、坏分配、陈年往事、坚守原则、牙医谱、强迫中奖、吉星高照、部分定约之战等内容。
●
相关链接 在E读中查询图书 在五车中查询图书 在当当中查询图书 在豆瓣中查询图书


正题名:往日情怀     索取号:G892.1/376         预约/预借

序号 登录号 条形码 馆藏地/架位号 状态 备注
1 1103580   211035805   第一样本阅览室/ [索取号:G892.1/376] 在馆    
2 1103581   211035814   教育系资料室/ [索取号:G892.1/376] 在馆    
3 1103582   211035823   教育系资料室/ [索取号:G892.1/376] 在馆    
4 1103583   211035832   教育系资料室/ [索取号:G892.1/376] 在馆    
5 1103584   211035841   第四借阅区/ [索取号:G892.1/376] 在馆    
6 1103585   211035850   第四借阅区/ [索取号:G892.1/376] 在馆    
唐山师范学院图书馆 欢迎您!
大连网信软件有限公司© 版权所有